01452nam a2200217 a 4500008004100000020001500041050001900056110003300075245010800108260006600216300001600282350000900298650001900307995016300326995016300489995016300652999001700815952013400832952013400966952013401100080411s0000 ||||||||||||||||| || u a0620342099 aTP 159.F52 Dan aDanmarks naturfrednings (DN)10aFlaring at oil refineries in South Durban and Denmark: SDEA-DN Local Action Project 2004-2005: output 1 aSouth AfricabSouth Durban Community Environmental Alliancec a44p. : ill. a0.00 aOIL REFINERIES aMAIN LIBRARY OPEN ACCESSD0.00e737288FCBU-MAIN LIBRARY (Kitwe)H1I0.00jTP 159.F52 DANM2UWEEDEDWApr 11, 2008y42045ZMain Library Open Access Collection aMAIN LIBRARY OPEN ACCESSD0.00e737288FCBU-MAIN LIBRARY (Kitwe)H1I0.00jTP 159.F52 DANM3UWEEDEDWApr 11, 2008y42046ZMain Library Open Access Collection aMAIN LIBRARY OPEN ACCESSD0.00e737289FCBU-MAIN LIBRARY (Kitwe)H1I0.00jTP 159.F52 DANM1UWEEDEDWApr 11, 2008y42043ZMain Library Open Access Collection c63172d63172 00102lcc4070a001b001cMain Library Open Access Collectiond2022-12-24l0oTP 159.F52 Danp42045r2022-12-24w2022-12-24y002 00102lcc4070a001b001cMain Library Open Access Collectiond2022-12-24l0oTP 159.F52 Danp42046r2022-12-24w2022-12-24y002 00102lcc4070a001b001cMain Library Open Access Collectiond2022-12-24l0oTP 159.F52 Danp42043r2022-12-24w2022-12-24y002